Famous Celebrity Chefs by Clue - Statistics

General Stats
  • This quiz has been taken 276 times
  • The average score is 5 of 10
Answer Stats
Life Hint Chef % Correct
1966– Hell's Kitchen, MasterChef Gordon Ramsay
92%
1975– The Naked Chef, Food Revolution Jamie Oliver
61%
1956–2018 Kitchen Confidential, Parts Unknown Anthony Bourdain
58%
1912–2004 Mastering the Art of French Cooking Julia Child
55%
1941– Living magazine and show; insider trading Martha Stewart
53%
1968– FlavorTown, Diners, Drive-Ins, and Dives Guy Fieri
50%
1947– Southern cooking; racism controversy Paula Deen
37%
1964– Burger Palace; Contestants try to "Beat" him Bobby Flay
35%
1959– New New Orleans, "Kick it up a notch!" "Bam!" Emeril Lagasse
35%
1949– Austrian-American restaurateur Wolfgang Puck
31%
No matching quizzes found
Score Distribution
Percent of People with Each Score
Percentile by Number Answered
Your Score History
You have not taken this quiz